Quick Crossword IX Quiz Stats

 Plays Quiz not verified by Sporcle

Support Sporcle.
Go Orange.
Score 0/54 Timer 06:00
0 Plays Today
% Correct
I 
94.5%
T 
93.4%
R 
93.1%
A 
92.1%
N 
91.7%
A 
91.2%
L 
91%
N 
88.9%
U 
88.5%
A 
85.8%
E 
84.6%
I 
83.2%
E 
82.9%
O 
82.5%
P 
81%
C 
80.1%
H 
80%
C 
78.9%
S 
78.1%
A 
77.8%
F 
76.2%
R 
75.4%
Y 
75.1%
L 
75.1%
E 
74.4%
O 
74.3%
R 
73.4%
% Correct
M 
73.4%
A 
72.6%
M 
71.3%
M 
70.5%
T 
70%
M 
70%
A 
69.7%
E 
69.7%
O 
69.7%
O 
69.7%
O 
67.5%
E 
67.5%
B 
67.5%
O 
67.1%
A 
66.2%
O 
62.5%
O 
62.1%
T 
62.1%
W 
62.1%
N 
62.1%
L 
61.9%
Z 
61.9%
D 
55.3%
R 
51.5%
U 
50.4%
Y 
38.9%
R 
38.9%

You're not logged in!

Compare scores with friends on all Sporcle quizzes.
OR
Log In

From the Vault

Ben & Jerry's Flavor Match-Up

by metashades

We hope you don't get a brain freeze from all this ice cream.
Remove Ads.
Support Sporcle.
Get the best of Sporcle when you Go Orange. This ad-free experience offers more features, more stats, and more fun while also helping to support Sporcle. Thank you for becoming a member.

Show Comments

Extras

Top Quizzes Today


Score Distribution

Your Account Isn't Verified!

In order to create a playlist on Sporcle, you need to verify the email address you used during registration. Go to your Sporcle Settings to finish the process.

Report this User

Report this user for behavior that violates our Community Guidelines.

Details: